Sociálne poistenie - nemocenské poistenie a dôchodkové zabezpečenie. 1
Organizácia sociálneho poistenia. Nová inštitúcia na vykonávanie sociálneho poistenia - Sociálna poisťovňa, zriadená zákonom NR SR č. 274/1994 Z.z. Jej orgány, pôsobnosť pobočiek, financovanie. Subjekty platiace poistné.
Guardado en:
| Autor principal: | |
|---|---|
| Formato: | Capítulo de libro |
| Lenguaje: | eslovaco |
| Materias: | |
| Etiquetas: |
Sin Etiquetas, Sea el primero en etiquetar este registro!
|
MARC
| LEADER | 00000naa a2200000 4500 | ||
|---|---|---|---|
| 001 | r018742 | ||
| 005 | 20221213095944.3 | ||
| 041 | 0 | |a slo | |
| 044 | |a SK | ||
| 245 | 1 | 0 | |a Sociálne poistenie - nemocenské poistenie a dôchodkové zabezpečenie. 1 |c Ján Matlák |
| 520 | |a Organizácia sociálneho poistenia. Nová inštitúcia na vykonávanie sociálneho poistenia - Sociálna poisťovňa, zriadená zákonom NR SR č. 274/1994 Z.z. Jej orgány, pôsobnosť pobočiek, financovanie. Subjekty platiace poistné. | ||
| 610 | 2 | 0 | |a Slovensko |
| 610 | 2 | 0 | |a 1994 |
| 610 | 2 | 0 | |a 1995 |
| 610 | 2 | 0 | |a poistenie sociálne |
| 610 | 2 | 0 | |a poistenie nemocenské |
| 610 | 2 | 0 | |a zabezpečenie dôchodkové |
| 610 | 2 | 0 | |a Sociálna poisťovňa, a.s. Bratislava |
| 610 | 2 | 0 | |a Všeobecná zdravotná poisťovňa Bratislava |
| 610 | 2 | 0 | |a predpisy právne |
| 610 | 2 | 0 | |a zákony |
| 610 | 2 | 0 | |a poistné |
| 100 | 1 | |a Matlák, Ján | |